Strategy of economic planning : a case study of pakistan (Record no. 412044)

000 -LEADER
fixed length control field 00368cam a22001217a 4500
008 - FIXED-LENGTH DATA ELEMENTS--GENERAL INFORMATION
fixed length control field 180718b1963 xxu||||| |||| 00| 0 eng d
082 ## - DEWEY DECIMAL CLASSIFICATION NUMBER
Classification number T000x547 H211
100 ## - MAIN ENTRY--PERSONAL NAME
Personal name Haq, Mahbub Ul
245 ## - TITLE STATEMENT
Title Strategy of economic planning : a case study of pakistan
Statement of responsibility, etc. by Mahbub Ul Haq
260 ## - PUBLICATION, DISTRIBUTION, ETC.
Place of publication, distribution, etc. Karachi
Name of publisher, distributor, etc. Oxford
Date of publication, distribution, etc. 1963
300 ## - PHYSICAL DESCRIPTION
Extent xvi,266p
650 ## - SUBJECT ADDED ENTRY--TOPICAL TERM
Topical term or geographic name entry element Pakistan --Economic policy.
Holdings
Withdrawn status Lost status Damaged status Not for loan Permanent Location Current Location Date acquired Full call number Barcode Date last seen Price effective from Koha item type
        Indian Institute of Public Administration Indian Institute of Public Administration 2009-02-03 T000x547 H211 DA1045 2018-07-21 2018-07-21 DA

Powered by Koha